LEADER 01050nam0 22002771i 450 001 UON00340297 005 20231205104256.310 100 $a20091022d1955 |0itac50 ba 101 $aita 102 $aIT 105 $a|||| 1|||| 200 1 $aNovelle$fJon Creanga$gtraduzione e introduzione a cura di Anna Colombo 210 $aTorino$cUTET$d1955 215 $a275 p.$d18 cm. 410 1$1001UON00019339$12001 $aˆI ‰grandi scrittori stranieri$ecollana di traduzioni$v186 620 $aIT$dTorino$3UONL000014 676 $a859$cLetteratura romena e letterature ladine$v21 700 1$aCREANG?$bIon$3UONV185099$0440639 702 1$aCOLOMBO$bAnna$3UONV191487 712 $aUtet$3UONV246439$4650 801 $aIT$bSOL$c20250214$gRICA 899 $aSIBA - SISTEMA BIBLIOTECARIO DI ATENEO$2UONSI 912 $aUON00340297 950 $aSIBA - SISTEMA BIBLIOTECARIO DI ATENEO$dSI ONCIULESCU A 1360 $eSI MR 51868 5 1360 $sDeteriorato 996 $aNovelle$91362189 997 $aUNIOR